000 01001nam a22002417a 4500
001 3677
003 FISKH
005 20240520095420.0
008 240409b cb ||||| |||| 00| 0 eng d
040 _aFISK
_beng
_cFISK
_dFISK
050 _aPR2831.A2
082 _a822.33
100 _aShakespeare William
_d1564-1616
245 _aRomeo and juliet /
_cWilliam Shakespeare
260 _aNew York :
_bScholastic,
_c1969
300 _a126 pages :
_c18 cm
505 _aNP
520 _aRomeo and Juliet is one of Shakespeare's early tragedies. The two young title characters fall madly in love, but are the children of feuding houses whose hatred for each other works to a devastating end. The play was immensely popular in Shakespeare's lifetime and is the most enduring of his plays along with Hamlet. Romeo and Juliet is considered one of the archetypal love stories.
521 8 _aEstimates,
_bLexile NP
700 _aWilliam Shakespeare
942 _2ddc
_cBK
_n0
999 _c3677
_d3677